[Event "Kieler Open 2014-A"]
[Site "Kiel"]
[Date "2014.08.08"]
[Round "9.18"]
[White "Nahnsen, Kenneth"]
[Black "Neumann, Frank"]
[Result "0-1"]
[WhiteElo "1794"]
[BlackElo "2028"]
[PlyCount "78"]
[EventDate "2014.??.??"]
[WhiteTeam "Doppelbauer Kiel"]
[BlackTeam "Agon Neumünster"]

1. c4 g6 2. g3 e5 3. Bg2 Nc6 4. Nc3 Bg7 5. d3 Nge7 6. e4 Nd4 7. Nge2 c5 8. Be3
Nec6 9. O-O d6 10. Nd5 Nxe2+ 11. Qxe2 O-O 12. Qd2 Be6 13. a3 Nd4 14. Bxd4 cxd4
15. f4 $11 f6 16. f5 Bd7 17. Rf2 g5 18. Bf3 Kh8 19. h4 gxh4 20. gxh4 Bc6 21.
Nb4 Rg8 22. Kh1 Qf8 23. Rg2 $11 Bh6 24. Rxg8+ Kxg8 25. Qg2+ Kh8 26. Nc2 a5 27.
a4 Bf4 28. b3 Qh6 29. Qh3 Bg5 30. h5 Be3 31. Be2 Bc1 32. Qf1 Bd2 33. Qh3 Rg8
34. Qh4 Qg5 35. Qxg5 Rxg5 36. Rg1 Rxf5 37. Kh2 Rf2+ 38. Rg2 Rxg2+ 39. Kxg2 f5
0-1

[Event "Kieler Open 2014-A"]
[Site "Kiel"]
[Date "2014.08.08"]
[Round "9.19"]
[White "Berger, Joachim"]
[Black "Van Diermen, Arie"]
[Result "1/2-1/2"]
[WhiteElo "2025"]
[BlackElo "1923"]
[PlyCount "32"]
[EventDate "2014.??.??"]
[WhiteTeam "Lübeck"]

1. e4 g6 2. d4 Bg7 3. Nc3 d6 4. Be3 Nf6 5. Qd2 c6 6. Bd3 Ng4 7. Bg5 Bxd4 8. Bh4
Qb6 9. Na4 Qc7 10. h3 Ne5 11. Be2 Bb6 12. Nxb6 axb6 13. f4 Ned7 14. Nf3 b5 15.
Qc3 f6 16. Bxb5 Qa5 1/2-1/2

[Event "Kieler Open 2014-A"]
[Site "Kiel"]
[Date "2014.08.08"]
[Round "9.20"]
[White "Schramm, Bernd"]
[Black "Schmidt, Peter"]
[Result "1-0"]
[WhiteElo "2024"]
[BlackElo "1924"]
[PlyCount "107"]
[EventDate "2014.??.??"]
[WhiteTeam "Kieler SG"]
[BlackTeam "Kieler SG"]

1. Nf3 Nf6 2. c4 g6 3. g3 Bg7 4. Bg2 O-O 5. O-O d6 6. d4 a6 7. Nc3 Nc6 8. d5
Na5 9. Qd3 c5 10. dxc6 Nxc6 11. e4 Rb8 12. h3 b5 13. Be3 Nb4 14. Qe2 bxc4 15.
a3 Nd3 16. Rab1 Qa5 17. Nd4 Bd7 18. Nd5 Nxd5 19. exd5 Rfc8 20. Bd2 Qc5 21. Qxe7
Bxd4 22. Qxd7 Rc7 23. Qa4 Nxb2 24. Qxa6 Rb6 25. Qa8+ Rc8 26. Qa7 Nd3 27. Qxb6
Qxb6 28. Rxb6 Bxb6 29. Be4 Ne5 30. Bb4 f5 31. Bc2 Nf3+ 32. Kg2 Nd4 33. Ba4 Bc5
34. Rd1 Bxb4 35. axb4 Ne2 36. Rd2 Nc3 37. Bc6 Rb8 38. Rc2 Nb1 39. Rxc4 Nd2 40.
Rc2 Nb3 41. b5 Kf7 42. Rb2 Nc5 43. b6 Kf6 44. b7 g5 45. Ra2 Rxb7 46. Bxb7 Nxb7
47. Ra7 Nc5 48. Rxh7 Ne4 49. Rh6+ Ke5 50. Rg6 Nc3 51. Rxg5 Kf6 52. f4 Nxd5 53.
Kf3 Nb4 54. h4 1-0

[Event "Kieler Open 2014-A"]
[Site "Kiel"]
[Date "2014.08.08"]
[Round "9.21"]
[White "Jacobsen, Mikkel Manosri"]
[Black "Dreessen, Jakob"]
[Result "1/2-1/2"]
[WhiteElo "2007"]
[BlackElo "1869"]
[PlyCount "127"]
[EventDate "2014.??.??"]
[BlackTeam "Segeberg"]

1. d4 Nf6 2. Nc3 d5 3. Bg5 Bf5 4. f3 c6 5. g4 Bg6 6. Nh3 h6 7. Bh4 Qb6 8. Rb1
e6 9. Bg3 c5 10. e3 Nc6 11. Nf4 Bh7 12. Bb5 a6 13. Bxc6+ Qxc6 14. Nd3 Bxd3 15.
Qxd3 c4 16. Qd2 b5 17. Nd1 a5 18. O-O Be7 19. Nf2 b4 20. Qe2 a4 21. e4 O-O 22.
h4 c3 23. b3 Rfc8 24. e5 Ne8 25. Nd3 axb3 26. axb3 Ra2 27. Rbc1 Nc7 28. Qf2 Nb5
29. Bf4 Rca8 30. Be3 Na3 31. f4 Nc4 32. bxc4 b3 33. c5 Qb5 34. f5 Rxc2 35. Rxc2
Qxd3 36. fxe6 bxc2 37. Qxf7+ Kh8 38. Bxh6 gxh6 39. Qf4 Rf8 (39... Qd2) 40.
Qxh6+ Kg8 41. Rxf8+ Bxf8 42. Qg5+ Bg7 43. e7 c1=Q+ 44. Qxc1 Qxd4+ 45. Kf1 Qc4+
46. Ke1 Qe4+ 47. Kf2 Qxe5 48. Qxc3 Qxe7 49. Qc2 Qxh4+ 50. Kf3 Qh3+ 51. Kf4 Qf1+
52. Ke3 Qg1+ 53. Kf3 Qf1+ 54. Ke3 d4+ 55. Ke4 Qe1+ 56. Kd3 Qe3+ 57. Kc4 Qe6+
58. Kb5 Qxg4 59. c6 Qc8 60. Qe4 Qb8+ 61. Kc4 Be5 62. Qd5+ Kf8 63. Qd7 Qe8 64.
Qf5+ 1/2-1/2

[Event "Kieler Open 2014-A"]
[Site "Kiel"]
[Date "2014.08.08"]
[Round "9.22"]
[White "Kardoeus, David"]
[Black "Garcia Ruiz, Adrian"]
[Result "1-0"]
[WhiteElo "2003"]
[BlackElo "1794"]
[PlyCount "71"]
[EventDate "2014.??.??"]
[WhiteTeam "Werder Bremen"]

1. b3 d5 2. e3 Nf6 3. Bb2 g6 4. f4 Bg7 5. Nf3 O-O 6. c4 c6 7. Be2 Bg4 8. O-O
Nbd7 9. d3 Re8 10. Nbd2 Qb6 11. d4 Rac8 12. h3 Bxf3 13. Bxf3 a5 14. Kh1 Qc7 15.
Rc1 Qb8 16. a4 e6 17. Bc3 Qa7 18. g4 Nb6 19. g5 Nfd7 20. c5 Na8 21. e4 Nc7 22.
e5 b5 23. axb5 Nxb5 24. Qc2 Ra8 25. Ra1 Nxc3 26. Qxc3 Reb8 27. Ra4 Rb4 28. Ra3
Bf8 29. Rfa1 Qc7 30. Qxb4 axb4 31. Rxa8 Qb7 32. Be2 Nb8 33. R1a7 Qc8 34. Ba6
Qd8 35. Rb7 Qa5 36. Rbxb8 1-0

[Event "Kieler Open 2014-A"]
[Site "Kiel"]
[Date "2014.08.08"]
[Round "9.23"]
[White "Simon, Christopher"]
[Black "Guetschow, Martin"]
[Result "1/2-1/2"]
[WhiteElo "1960"]
[BlackElo "1991"]
[PlyCount "22"]
[EventDate "2014.??.??"]
[WhiteTeam "Bad Schwartau"]
[BlackTeam "Segeberg"]

1. e4 e5 2. Nf3 Nf6 3. Nxe5 d6 4. Nf3 Nxe4 5. Nc3 Nxc3 6. dxc3 Be7 7. Bd3 Bg4
8. h3 Bh5 9. Bf4 Nc6 10. Qe2 Qd7 11. O-O-O O-O-O 1/2-1/2

[Event "Kieler Open 2014-A"]
[Site "Kiel"]
[Date "2014.08.08"]
[Round "9.24"]
[White "Wanner, Lukas"]
[Black "Gwiazda, Slawomir"]
[Result "1-0"]
[WhiteElo "1764"]
[BlackElo "1969"]
[PlyCount "55"]
[EventDate "2014.??.??"]
[WhiteTeam "Doppelbauer Kiel"]

1. d4 Nf6 2. Nf3 g6 3. Nc3 d5 4. Bf4 Bg7 5. Qd2 Ne4 6. Nxe4 dxe4 7. Ne5 c5 8.
O-O-O f6 9. Nc4 b5 10. Na5 (10. dxc5) 10... Qd5 11. dxc5 Qxa2 12. Qb4 O-O 13.
Bxb8 Rxb8 14. Qb3+ Qxb3 15. Nxb3 Be6 16. Nd4 Bf7 17. e3 b4 18. Ba6 Bd5 19. Nf5
e6 20. Ne7+ Kf7 21. Nxd5 exd5 22. Rxd5 Rfd8 23. Rxd8 Rxd8 24. c6 Rd6 25. c7
Rxa6 26. c8=Q Ra1+ 27. Kd2 Rxh1 28. Qc4+ 1-0

[Event "Kieler Open 2014-A"]
[Site "Kiel"]
[Date "2014.08.08"]
[Round "9.25"]
[White "Meyer, Jürgen"]
[Black "Rabe, Klaus"]
[Result "1/2-1/2"]
[WhiteElo "1955"]
[BlackElo "2054"]
[PlyCount "33"]
[EventDate "2014.??.??"]
[WhiteTeam "Heide"]
[BlackTeam "Kieler SG"]

1. e4 c5 2. Nf3 d6 3. d4 cxd4 4. Qxd4 a6 5. c4 Nc6 6. Qd2 Nf6 7. Nc3 e6 8. Be2
Be7 9. O-O O-O 10. b3 b6 11. Ba3 Ra7 12. Rfd1 Rd7 13. h3 Bb7 14. Qe3 Na7 15.
Nd4 Qc7 16. Rac1 Rdd8 17. Bb2 1/2-1/2

[Event "Kieler Open 2014-A"]
[Site "Kiel"]
[Date "2014.08.08"]
[Round "9.26"]
[White "Rohmann, Volker"]
[Black "Kröncke, Manfred"]
[Result "0-1"]
[WhiteElo "1850"]
[BlackElo "2024"]
[PlyCount "96"]
[EventDate "2014.??.??"]
[WhiteTeam "Friedrichsort"]
[BlackTeam "Glückstadt "]

1. e4 c5 2. Nf3 e6 3. d4 cxd4 4. Nxd4 Nc6 5. Nc3 Qc7 6. Be3 a6 7. Nb3 Nf6 8.
Be2 Be7 9. O-O b5 10. a3 Ne5 11. f4 Nc4 12. Bxc4 bxc4 13. Nd4 h5 14. Kh1 Bb7
15. Qf3 g6 16. Rfe1 h4 17. h3 Nxe4 18. Nxe4 f5 19. Qe2 Bxe4 20. b3 Rc8 21. b4
Kf7 22. Nf3 Bf6 23. Rad1 d5 24. Nd4 Rhe8 25. Rf1 Qd7 26. Rb1 Qa4 27. b5 Bxd4
28. Bxd4 Qxc2 29. Qxc2 Bxc2 30. Rb2 Bd3 31. Rc1 c3 32. Rxc3 Rxc3 33. Bxc3 axb5
34. Be1 Ra8 35. Rb3 Bc4 36. Rf3 d4 37. Bb4 d3 38. Rf2 Bd5 39. Rd2 Be4 40. Kg1
Rc8 41. Kf2 g5 42. fxg5 Kg6 43. g3 hxg3+ 44. Kxg3 Kxg5 45. h4+ Kf6 46. h5 Rg8+
47. Kh4 Rg4+ 48. Kh3 Kg5 0-1

[Event "Kieler Open 2014-A"]
[Site "Kiel"]
[Date "2014.08.08"]
[Round "9.27"]
[White "Oltzen, Samuel"]
[Black "Hauptmann, Thomas"]
[Result "1-0"]
[WhiteElo "1847"]
[BlackElo "1971"]
[PlyCount "83"]
[EventDate "2014.??.??"]
[WhiteTeam "Lübeck"]
[BlackTeam "Amsterdam"]

1. e4 d5 2. exd5 Qxd5 3. Nc3 Qd6 4. d4 c6 5. Nf3 Nf6 6. g3 Bg4 7. Bg2 e6 8. O-O
Be7 9. Bf4 Qd8 10. Qd2 Nbd7 11. Rfe1 O-O 12. h3 Bf5 13. Nh4 Bg6 14. Nxg6 hxg6
15. Rad1 Nd5 16. Nxd5 cxd5 17. h4 Nb6 18. b3 Bd6 19. Bf3 Rc8 20. Bxd6 Qxd6 21.
h5 gxh5 22. Bxh5 Rc7 23. Be2 Rfc8 24. Bd3 Nd7 25. Qg5 Nf6 26. Kg2 Ne4 27. Bxe4
dxe4 28. c4 f5 29. Rh1 Qe7 30. Qh5 Qf6 31. d5 g6 32. Qh6 e5 33. d6 Rd7 34. Qd2
Qe6 35. Qg5 Rxd6 36. Rxd6 Qxd6 37. Qh6 Qc6 38. Qh7+ Kf8 39. Qh8+ Ke7 40. Qxe5+
Kd8 41. Rh8+ Kd7 42. Rh7+ 1-0

[Event "Kieler Open 2014-A"]
[Site "Kiel"]
[Date "2014.08.08"]
[Round "9.28"]
[White "Neuendorf, Max"]
[Black "Rosmait, Emily"]
[Result "1-0"]
[WhiteElo "1885"]
[BlackElo "1824"]
[PlyCount "91"]
[EventDate "2014.??.??"]
[WhiteTeam "Flensburg"]
[BlackTeam "Harksheide"]

1. e4 e5 2. Bc4 Nf6 3. d3 Nc6 4. Nf3 Be7 5. O-O O-O 6. Re1 d6 7. c3 Na5 8. Bb5
a6 9. Ba4 b5 10. Bc2 c5 11. d4 Qc7 12. h3 Re8 13. Nbd2 Bf8 14. Nf1 h6 15. d5 g6
16. g4 Bg7 17. Kg2 Qd7 18. Ng3 Qe7 19. g5 hxg5 20. Bxg5 Qd7 21. Rh1 Nh7 22. h4
Qg4 $11 23. Qg1 Nf6 24. Bd1 Qd7 25. Bxf6 Bxf6 26. h5 g5 27. h6 Kh7 28. Rh5 Rg8
29. Nh2 Qd8 30. Bg4 Bxg4 31. Nxg4 Be7 32. Qd1 c4 33. Qf3 Qe8 34. Nf6+ Bxf6 35.
Qxf6 Rg6 36. Qg7+ Rxg7 37. hxg7+ Kg6 38. Rah1 f6 39. Nf5 Qd7 40. g8=Q+ Rxg8 41.
Rh6+ Kf7 42. Rh7+ Ke8 43. Rxd7 Kxd7 44. Rh7+ Kd8 45. Ra7 Rf8 46. Ra8+ 1-0

[Event "Kieler Open 2014-A"]
[Site "Kiel"]
[Date "2014.08.08"]
[Round "9.29"]
[White "Millgramm, Stephan"]
[Black "Möller, Dustin"]
[Result "0-1"]
[WhiteElo "1865"]
[BlackElo "1819"]
[PlyCount "96"]
[EventDate "2014.??.??"]
[WhiteTeam "Flensburg"]
[BlackTeam "Eckernförde"]

1. d4 e6 2. c4 Nf6 3. Nf3 b6 4. Nc3 Bb7 5. Bf4 Bb4 6. a3 Bxc3+ 7. bxc3 Ne4 8.
Rc1 d6 9. h4 Nd7 10. Nd2 e5 11. Be3 Nef6 12. f3 Qe7 13. Bf2 e4 14. e3 exf3 15.
gxf3 Ng4 16. Qe2 Nxf2 17. Qxf2 d5 18. Ra1 Nf6 19. Bd3 Ng4 20. Qe2 Nxe3 21. Kf2
Nxc4 22. Nxc4 Qxe2+ 23. Bxe2 dxc4 24. Bxc4 O-O 25. Rhe1 Rfe8 26. Bb5 Rxe1 27.
Rxe1 Kf8 28. f4 c6 29. Bc4 Re8 30. Re5 f6 31. Rxe8+ Kxe8 32. Bd3 g6 33. c4 Ke7
34. Kg3 Bc8 35. h5 Bf5 36. Bxf5 gxf5 37. a4 Kd6 38. Kf3 a6 39. Ke3 b5 40. cxb5
cxb5 41. axb5 axb5 42. Kd3 Kd5 43. Kc3 b4+ 44. Kxb4 Kxd4 45. Kb5 Ke4 46. Kc5
Kxf4 47. Kd5 Kg5 48. Ke6 f4 0-1

[Event "Kieler Open 2014-A"]
[Site "Kiel"]
[Date "2014.08.08"]
[Round "9.30"]
[White "Müller, Winus"]
[Black "Petersen, Finn Christopher"]
[Result "1/2-1/2"]
[WhiteElo "2049"]
[BlackElo "1616"]
[PlyCount "34"]
[EventDate "2014.??.??"]
[BlackTeam "Doppelbauer Kiel"]

1. e4 e5 2. Nf3 Nc6 3. Bb5 Nf6 4. O-O Nxe4 5. d4 Nd6 6. Bxc6 dxc6 7. Nxe5 Be7
8. Nd2 O-O 9. c3 Be6 10. b3 Nf5 11. Ndf3 c5 12. Bb2 cxd4 13. cxd4 c5 14. dxc5
Bxc5 15. Qe2 Qe7 16. Rac1 Rfd8 17. Nc4 Nd4 1/2-1/2

[Event "Kieler Open 2014-A"]
[Site "Kiel"]
[Date "2014.08.08"]
[Round "9.31"]
[White "Praczukowski, Stanislaw"]
[Black "Weishäutel, Moritz"]
[Result "1-0"]
[WhiteElo "2018"]
[BlackElo "1849"]
[PlyCount "53"]
[EventDate "2014.??.??"]
[WhiteTeam "KS Laura Chylice"]
[BlackTeam "Erfurt"]

1. d4 d5 2. c4 e6 3. Nf3 Nf6 4. g3 Be7 5. Bg2 O-O 6. O-O dxc4 7. Qc2 a6 8. Qxc4
b5 9. Qc2 Bb7 10. Bd2 Ra7 11. Rc1 Be4 12. Qd1 Bxf3 13. Bxf3 Qxd4 14. Qb3 c5 15.
Be3 Qe5 16. a4 bxa4 $2 17. Rxa4 Nbd7 18. Nc3 Rb8 19. Qa2 Qd6 20. b4 e5 21. b5
Rb6 22. Ra1 e4 23. Bxe4 Qe5 24. Rc1 Nxe4 25. Rxe4 Qd6 26. Bf4 Qf6 27. Nd5 1-0

[Event "Kieler Open 2014-A"]
[Site "Kiel"]
[Date "2014.08.08"]
[Round "9.32"]
[White "Gutschenreiter, Dorian"]
[Black "Andersen, Niels Erik"]
[Result "0-1"]
[WhiteElo "1874"]
[BlackElo "1947"]
[PlyCount "60"]
[EventDate "2014.??.??"]
[WhiteTeam "Flensburg"]

1. e4 c5 2. Nf3 d6 3. d4 cxd4 4. Nxd4 Nf6 5. Nc3 a6 6. Be2 e5 7. Nb3 Be6 8. O-O
Be7 9. f4 Qc7 10. a4 Nbd7 11. Be3 Rc8 12. f5 Bc4 13. a5 Bxe2 14. Qxe2 Qc4 15.
Qd1 Qc6 16. Ra4 O-O 17. g4 Rfd8 18. g5 Ne8 19. Qh5 Bf8 20. g6 fxg6 21. fxg6
Ndf6 22. gxh7+ Kh8 23. Qf7 Nxh7 24. Rf3 Qd7 25. Qg6 Rxc3 26. bxc3 Qxa4 27. Rh3
Nef6 28. Bg5 Qe8 29. Qf5 Qd7 30. Qg6 Qxh3 0-1

[Event "Kieler Open 2014-A"]
[Site "Kiel"]
[Date "2014.08.08"]
[Round "9.33"]
[White "Hartwig, Sebastian"]
[Black "Christensen, Andreas"]
[Result "1-0"]
[WhiteElo "1891"]
[BlackElo "1733"]
[PlyCount "69"]
[EventDate "2014.??.??"]
[WhiteTeam "Neustadt"]
[BlackTeam "Hamburger SK"]

1. e4 e6 2. d4 d5 3. Nd2 Nf6 4. e5 Nfd7 5. Bd3 c5 6. c3 Nc6 7. Ne2 Qb6 8. Nf3
f6 9. exf6 Nxf6 10. O-O Bd6 11. a3 c4 12. Bc2 Na5 13. Rb1 Nb3 14. Bf4 Bxf4 15.
Nxf4 O-O 16. g3 Bd7 17. Re1 Rae8 18. h4 Kh8 19. Ng5 e5 20. Rxe5 Rxe5 21. dxe5
Bg4 22. Qe1 Ne4 23. Nxe4 dxe4 24. Qxe4 Bf5 25. Qe2 Bxc2 26. Qxc2 Nc5 27. Re1
Ne6 28. Nxe6 Qxe6 29. Qe4 b5 30. Rd1 Qb6 31. Qd4 Qb8 32. e6 Qe8 33. Qd7 Kg8 34.
e7 Qxd7 35. exf8=Q+ 1-0

[Event "Kieler Open 2014-A"]
[Site "Kiel"]
[Date "2014.08.08"]
[Round "9.34"]
[White "Malchau, Jochen"]
[Black "Werner, René"]
[Result "0-1"]
[WhiteElo "1664"]
[BlackElo "1890"]
[PlyCount "100"]
[EventDate "2014.??.??"]
[WhiteTeam "Greifswald"]
[BlackTeam "Kieler SG"]

1. d4 d5 2. c4 e6 3. Nc3 Nf6 4. Bg5 Be7 5. e3 O-O 6. Nf3 c6 7. Rc1 Nbd7 8. cxd5
exd5 9. Bd3 Re8 10. O-O Ne4 11. Bf4 f5 12. Nxd5 Bd6 13. Bxd6 Nxd6 14. Nc3 Nf6
15. Ne5 Be6 16. b3 Rc8 17. Na4 Kh8 18. Nc5 Bg8 19. Bc4 Nxc4 20. bxc4 Re7 21.
Qf3 g6 22. Rb1 Rcc7 23. Rfc1 Qc8 24. h3 b6 25. Ncd3 Ne4 26. Qe2 Be6 27. f3 Nf6
28. Nf4 g5 29. Nxe6 Qxe6 30. c5 b5 31. Qc2 Nd7 32. f4 gxf4 33. exf4 Qd5 34. Qf2
Rg7 35. Kh2 Nf6 36. Rg1 Rc8 37. g4 fxg4 38. hxg4 Ne4 39. Qg2 Qxd4 40. Rbd1 Qa4
$2 41. Nd3 Rd8 42. Qe2 Nc3 43. Qe5 Nxd1 44. Rg2 Qd4 45. Qe6 Qxd3 46. f5 Qd7 47.
Qh6 Qf7 48. Qh3 Qf6 49. Re2 Re7 50. Rg2 Qe5+ 0-1

[Event "Kieler Open 2014-A"]
[Site "Kiel"]
[Date "2014.08.08"]
[Round "9.35"]
[White "Martinez-Corrales, Vladimir"]
[Black "Blanco-Cardenas, Ernesto"]
[Result "1/2-1/2"]
[WhiteElo "1708"]
[BlackElo "1875"]
[PlyCount "56"]
[EventDate "2014.??.??"]
[WhiteTeam "Holsatia Kiel"]
[BlackTeam "Kieler SG"]

1. d4 d5 2. Nf3 Nf6 3. Bf4 c6 4. e3 Bf5 5. c4 e6 6. Nc3 dxc4 7. Bxc4 Nbd7 8.
Rc1 Be7 9. a3 O-O 10. O-O h6 11. Re1 Nb6 12. Ba2 Ne4 13. Nxe4 Bxe4 14. Ne5 Rc8
15. Qg4 Bf5 16. Qh5 Bg5 17. Bxg5 Qxg5 18. Qxg5 hxg5 19. Nc4 Nxc4 20. Rxc4 Rfd8
21. Rc5 g4 22. Rec1 Be4 23. Rg5 Bf5 24. f3 gxf3 25. gxf3 Re8 26. f4 Be4 27. Kf2
g6 28. Re5 Bd5 {Remis. Warum? Egal. 30% der Züge musste der Eintickerer
erraten. Beide Kontrahenten schreiben unlesbar.} 1/2-1/2

[Event "Kieler Open 2014-A"]
[Site "Kiel"]
[Date "2014.08.08"]
[Round "9.36"]
[White "Rosenkranz, Bernd-Christian"]
[Black "Karlisch, Moritz"]
[Result "1/2-1/2"]
[WhiteElo "1656"]
[BlackElo "1602"]
[PlyCount "86"]
[EventDate "2014.??.??"]
[WhiteTeam "Rendsburg"]
[BlackTeam "Doppelbauer Kiel"]

1. e4 e5 2. Nf3 Nc6 3. Nc3 Nf6 4. d4 exd4 5. Nxd4 Bb4 6. Nxc6 bxc6 7. Bd3 d5 8.
exd5 O-O 9. O-O cxd5 10. Bg5 c6 11. Qf3 Be7 12. Rae1 Re8 13. Ne2 h6 14. Bc1 Bd6
15. h3 Be6 16. Ng3 Bc7 17. Nf5 Bxf5 18. Qxf5 Qd6 19. g3 Re6 20. Bf4 Qe7 21.
Rxe6 fxe6 22. Qg6 Bxf4 23. gxf4 Qb4 24. b3 Qxf4 25. Re1 e5 26. Re3 Re8 27. Rg3
Re7 28. Bf5 Kf8 29. Rc3 Rc7 30. Kg2 e4 31. Qg3 Nh5 32. Qg4 Rf7 33. Qxh5 Rxf5
34. Qe2 Rg5+ 35. Rg3 Rxg3+ 36. fxg3 Qf5 37. Qe3 Qf7 38. Qc5+ Kg8 39. Qe3 Kh7
40. c4 Qf6 41. h4 Qb2+ 42. Kh3 Qxa2 43. Qf4 Qa6 1/2-1/2

[Event "Kieler Open 2014-A"]
[Site "Kiel"]
[Date "2014.08.08"]
[Round "9.37"]
[White "Henschen, Patrick"]
[Black "Wenske, Hardy"]
[Result "1-0"]
[WhiteElo "1667"]
[BlackElo "1819"]
[PlyCount "63"]
[EventDate "2014.??.??"]
[WhiteTeam "Segeberg"]
[BlackTeam "Kieler SG"]

1. d4 d5 2. c4 c6 3. Nc3 a6 4. a4 Nf6 5. Nf3 e6 6. Bg5 Bb4 7. Bxf6 Qxf6 8. Qb3
a5 9. e3 Nd7 10. Be2 O-O 11. O-O Re8 12. Rfd1 Qe7 13. Rac1 f6 14. cxd5 exd5 15.
Bd3 Kh8 16. Ne2 Nf8 17. h3 Be6 18. Nf4 Bf7 19. Bb1 g5 20. Nd3 Bd6 21. Nc5 Rab8
22. Qc3 Bc7 23. Re1 Qd6 24. e4 Qd8 25. e5 Bb6 26. exf6 Rxe1+ 27. Rxe1 Qxf6 28.
Ne5 Bxc5 29. Qxc5 Bg6 30. Bxg6 hxg6 31. Qxa5 Qd8 32. Nf7+ 1-0

[Event "Kieler Open 2014-A"]
[Site "Kiel"]
[Date "2014.08.08"]
[Round "9.40"]
[White "Kowalski, Ben Wito"]
[Black "Helmich, Jörg"]
[Result "1-0"]
[WhiteElo "1706"]
[BlackElo "1749"]
[PlyCount "73"]
[EventDate "2014.??.??"]
[WhiteTeam "Stade"]
[BlackTeam "Regensburg"]

1. e4 c5 2. Nf3 d6 3. d4 cxd4 4. Nxd4 Nf6 5. Nc3 a6 6. Be3 e6 7. Qd2 Be7 8. Be2
b5 9. a3 Bb7 10. f3 Nbd7 11. O-O O-O 12. g4 Qc7 13. g5 Ne8 14. h4 Ne5 15. f4
Nc4 16. Bxc4 Qxc4 17. f5 e5 18. b3 Qc7 19. Nde2 Rc8 20. Rac1 Qc6 21. Nd5 Bd8
22. Nec3 Nc7 23. Nb6 Rb8 24. h5 Na8 25. Nbd5 Nc7 26. g6 Nxd5 27. Nxd5 Qd7 28.
gxh7+ Kxh7 29. h6 f6 30. Qg2 Bxd5 31. Qg6+ Kh8 32. exd5 Bb6 33. Bxb6 Rxb6 34.
Kf2 Qf7 35. hxg7+ Qxg7 36. Rh1+ Kg8 37. Qh5 1-0